000
00312nam a2200133Ia 4500
005
20251222140041.0
008
251222s1900||||xx |||||||||||||| ||spa||
082
_a
129.33/S29
100
_a
Scheler, Max
245
0
_a
Esencia y Formas de la SimpatÃa
250
_a
3a.ed.
264
_b
Losada, S.A.
942
_c
LIB
999
_c
3285
_d
3285